Movies Quiz

Random Movies or Clickable Quiz

Explain a Film Plot Badly II Quiz Stats

 Plays Quiz Updated Jan 10, 2017

Support Sporcle.
Go Orange.
Score 0/25 Timer 08:00
7 Plays Today
% Correct
The NeverEnding Story
94.2%
Beauty and the Beast
93.5%
Mr. & Mrs. Smith
92.8%
Willy Wonka & the Chocolate Factory
92.6%
The Sound of Music
91.7%
Taken
91%
12 Angry Men
88.5%
Pocahontas
87.7%
The Hunger Games
87.7%
The Martian
87.2%
Mulan
86.9%
Finding Nemo
86.2%
Titanic
83.8%
% Correct
Inception
83.1%
2012
82.6%
Captain America: The First Avenger
82.5%
Lord of the Rings
79.9%
The Little Mermaid
74.1%
The Santa Clause
73.3%
The Notebook
73.1%
Twilight
70.2%
Elf
66.9%
A Nightmare on Elm Street
62.8%
Rudolph, the Red-Nosed Reindeer
60.5%
Halloween
54%

You're not logged in!

Compare scores with friends on all Sporcle quizzes.
OR
Log In
Forgot?

From the Vault

Four Word Movie Reviews

by SporcleAdmin

Funny Sporcle About Movies.
Remove Ads.
Support Sporcle.
Get the best of Sporcle when you Go Orange. This ad-free experience offers more features, more stats, and more fun while also helping to support Sporcle. Thank you for becoming a member.

Show Comments

Extras

Top Quizzes Today


Score Distribution

Your Account Isn't Verified!

In order to create a playlist on Sporcle, you need to verify the email address you used during registration. Go to your Sporcle Settings to finish the process.

Report this User

Report this user for behavior that violates our Community Guidelines.

Details: